[Event "Nizami Ganjavi 880 years U17"]
[Site "Tornelo INT"]
[Date "2021.04.03"]
[Round "5.12"]
[White "Rouda Essa, Alserkal"]
[Black "Ibrahimbayli, Almara"]
[Result "1-0"]
[WhiteElo "1504"]
[BlackElo "1114"]
[PlyCount "135"]
[EventDate "2021.04.02"]
[EventType "team-swiss (blitz)"]
[EventRounds "9"]
[EventCountry "AZE"]
[SourceTitle "EXT 2023"]
[Source "ChessBase"]
[SourceDate "2022.10.05"]
[SourceVersion "1"]
[SourceVersionDate "2022.10.05"]
[SourceQuality "1"]
[WhiteTeam "Abu Dhabi"]
[BlackTeam "Nakhchivan"]
[WhiteTeamCountry "UAE"]
[BlackTeamCountry "AZE"]

1. e4 e6 2. d4 d5 3. Nd2 Nf6 4. e5 Nfd7 5. Bd3 c5 6. c3 Nc6 7. Ne2 Qb6 8. Nf3 cxd4 9. cxd4 Be7 10. 0-0 f6 11. exf6 Nxf6 12. Bb1 0-0 13. a3 Bd6 14. Qd3 e5 15. dxe5 Nxe5 16. Nxe5 Bxe5 17. Bg5 g6 18. Bxf6 Bxf6 19. Ba2 Bf5 20. Qxd5+ Kh8 21. Qb3 Qxb3 22. Bxb3 Bxb2 23. Ra2 Bg7 24. Ng3 Bd3 25. Rd1 Ba6 26. Ne4 Rad8 27. Rad2 Rxd2 28. Rxd2 Re8 29. f3 Bh6 30. Rd7 Rf8 31. Kf2 Bc1 32. a4 Bf4 33. Nc5 Bxh2 34. Nxa6 bxa6 35. g3 Rb8 36. Rd3 Rb4 37. Kg2 Bxg3 38. Kxg3 Rb7 39. Rd8+ Kg7 40. Rd3 Kh6 41. Kg4 Rb4+ 42. f4 Rb7 43. Rh3+ Kg7 44. Kg5 a5 45. Rd3 Rc7 46. Be6 Rc5+ 47. Rd5 h6+ 48. Kg4 Rxd5 49. Bxd5 Kf6 50. Bc6 h5+ 51. Kf3 Kf5 52. Bd7+ Kf6 53. Ke4 h4 54. Kd5 Ke7 55. Bh3 Kd8 56. Ke6 Ke8 57. Kf6 Kf8 58. Kxg6 Kg8 59. Kh5 Kf7 60. f5 Kf6 61. Kxh4 Kf7 62. Kg5 Kg7 63. f6+ Kf7 64. Kf5 Kf8 65. Ke6 Ke8 66. Bg4 Kf8 67. f7 a6 68. Be2 1-0

[Event "Nizami Ganjavi 880 years U17"]
[Site "Tornelo INT"]
[Date "2021.04.02"]
[Round "3.12"]
[White "Ibrahimbayli, Almara"]
[Black "Derlich, Sarah Sima"]
[Result "0-1"]
[WhiteElo "1114"]
[BlackElo "1182"]
[PlyCount "74"]
[EventDate "2021.04.02"]
[EventType "team-swiss (blitz)"]
[EventRounds "9"]
[EventCountry "AZE"]
[SourceTitle "EXT 2023"]
[Source "ChessBase"]
[SourceDate "2022.10.05"]
[SourceVersion "1"]
[SourceVersionDate "2022.10.05"]
[SourceQuality "1"]
[WhiteTeam "Nakhchivan"]
[BlackTeam "Denmark"]
[WhiteTeamCountry "AZE"]
[BlackTeamCountry "DEN"]

1. e4 e5 2. Nc3 Nf6 3. g3 Bb4 4. Bg2 Bxc3 5. bxc3 d6 6. d4 exd4 7. cxd4 Qe7 8. Qd3 Nc6 9. Ne2 Nb4 10. Qd2 a5 11. Nc3 0-0 12. 0-0 h6 13. a3 Nc6 14. f4 Bg4 15. d5 Nd8 16. Qe3 c6 17. dxc6 bxc6 18. e5 dxe5 19. fxe5 Nd7 20. Re1 Re8 21. Bb2 Qxe5 22. Qxe5 Rxe5 23. Rxe5 Nxe5 24. Re1 f6 25. Ne4 Ndf7 26. Nc5 Bf3 27. Bxf3 Nxf3+ 28. Kf2 Nxe1 29. Kxe1 Re8+ 30. Kf2 Rb8 31. Bc1 Rb5 32. Nb3 Ne5 33. Nd4 Rd5 34. Nb3 Rb5 35. Nd4 Rb1 36. Bf4 Rb2 37. Bc1 Nd3+ 0-1

[Event "Nizami Ganjavi 880 years U17"]
[Site "Tornelo INT"]
[Date "2021.04.02"]
[Round "2.11"]
[White "Ibrahimbayli, Almara"]
[Black "Toroptseva, Yevheniia"]
[Result "0-1"]
[WhiteElo "1114"]
[BlackElo "1655"]
[PlyCount "100"]
[EventDate "2021.04.02"]
[EventType "team-swiss (blitz)"]
[EventRounds "9"]
[EventCountry "AZE"]
[SourceTitle "EXT 2023"]
[Source "ChessBase"]
[SourceDate "2022.10.05"]
[SourceVersion "1"]
[SourceVersionDate "2022.10.05"]
[SourceQuality "1"]
[WhiteTeam "Nakhchivan"]
[BlackTeam "Ukraine"]
[WhiteTeamCountry "AZE"]
[BlackTeamCountry "UKR"]

1. e4 c5 2. d4 cxd4 3. c3 dxc3 4. Nxc3 Nc6 5. Nf3 e6 6. Bc4 Nge7 7. 0-0 Ng6 8. Re1 Be7 9. Qe2 0-0 10. e5 a6 11. a3 Qc7 12. Bd3 b5 13. Bxg6 fxg6 14. Bg5 Bxg5 15. Nxg5 Bb7 16. Rad1 Rf5 17. Nf3 h5 18. a4 b4 19. Na2 a5 20. b3 Ba6 21. Qe3 Bb7 22. Nc1 Rc8 23. Nd3 Qd8 24. Nc5 Ba8 25. Rxd7 Qe8 26. Rd6 Nd8 27. Nh4 Rf8 28. Qg3 Rxc5 29. f4 Rc2 30. Red1 Rc3 31. Qf2 g5 32. Nf3 g4 33. Ng5 Qg6 34. Rxd8 Rc2 35. Rxf8+ Kxf8 36. Qg3 Rxg2+ 37. Qxg2 Bxg2 38. Kxg2 Qc2+ 39. Kg3 Qxd1 40. Kh4 Qxb3 41. Kxh5 Qxa4 42. Kxg4 Qd1+ 43. Kh4 Ke7 44. h3 b3 45. Nxe6 Kxe6 46. f5+ Kxe5 47. f6 Kxf6 48. Kg3 b2 49. Kh4 Qg1 50. Kh5 Qg5# 0-1

[Event "Nizami Ganjavi 880 years U17"]
[Site "Tornelo INT"]
[Date "2021.04.02"]
[Round "1.9"]
[White "Odmaa, Enkhsaikhan"]
[Black "Ibrahimbayli, Almara"]
[Result "1-0"]
[WhiteElo "1113"]
[BlackElo "1114"]
[PlyCount "67"]
[EventDate "2021.04.02"]
[EventType "team-swiss (blitz)"]
[EventRounds "9"]
[EventCountry "AZE"]
[SourceTitle "EXT 2023"]
[Source "ChessBase"]
[SourceDate "2022.10.05"]
[SourceVersion "1"]
[SourceVersionDate "2022.10.05"]
[SourceQuality "1"]
[WhiteTeam "Mongolia"]
[BlackTeam "Nakhchivan"]
[WhiteTeamCountry "MGL"]
[BlackTeamCountry "AZE"]

1. d4 d5 2. c4 c6 3. cxd5 cxd5 4. Nc3 Nc6 5. Bf4 Nf6 6. Nf3 Bf5 7. Qb3 Qb6 8. Qxb6 axb6 9. a3 e6 10. Rc1 Be7 11. e3 0-0 12. Nh4 Bg6 13. Nxg6 hxg6 14. Bd3 Nh5 15. Bc7 Rac8 16. Bxb6 Nb8 17. 0-0 Rc6 18. Ba5 Na6 19. Na4 Rfc8 20. Rxc6 Rxc6 21. b4 Nb8 22. b5 Rc8 23. Nb6 Re8 24. Rc1 Bxa3 25. Rc7 Bd6 26. Rxb7 Nf6 27. f3 e5 28. dxe5 Rxe5 29. Nc8 Re6 30. Nxd6 Rxd6 31. Rxb8+ Kh7 32. b6 d4 33. e4 Nd7 34. Rd8 1-0